00985nam a2200289 i 4500001001000000003000900010005001700019007000300036008004100039040003000080041000800110082002500118100004200143245003900185264008600224300002800310336002700338337003300365338002700398490003300425490002300458500006000481650002200541650002700563710005100590830005400641000013196DO-SdBNP20250717074015.0ta091120s1992 dr 000 0 spa d aDO-SdBNPbspacBNPHUerda hspa 4aRD863.44bV443oj2221 aVeloz, Livia,d1892-1980eautor4aut.10aOjos entreabiertos /cLivia Veloz. 4aSanto Domingo :bBiblioteca Nacional Pedro Henríquez Ureña (BNPHU), c©1992. a134 páginas ;c23 cm. atextobtxt2rdacontent asin mediaciónbn2rdamedia avolumenbn2rdacarrier1 aColección Orfeo: 2a etapa;1 aSerie literariav1 aIncluye cronología de y sobre Livia Veloz (1892-1980) 7aNovela dominicana 7aLiteratura dominicana.2 aBiblioteca Nacional Pedro Henríquez Ureña  0aColección Orfeo: (2a etapa)n1pSerie literaria